| 000 | 00818cam a22002415a 4500 | ||
|---|---|---|---|
| 006 | a||||fr|||| 00| 0 | ||
| 008 | 100921t2002 ii a frb 001 0 eng d | ||
| 020 | _a817808757X | ||
| 020 | _a9788178087573 | ||
| 040 |
_aEG-ScBUE _beng _cEG-ScBUE _dEG-ScBUE |
||
| 082 | 0 | 4 |
_a001.424 _bTAH _222 |
| 100 | 1 |
_aTaha, Hamdy A. _919665 |
|
| 245 | 1 | 0 |
_aOperations research : _ban introduction / _cHamdy A. Taha. |
| 250 | _a7th ed. | ||
| 260 |
_aNew Delhi : _bPearson Education, _cc.2002. |
||
| 300 |
_axvii, 830 p. : _bill. ; _c24 cm. + _e1 CD-ROM (4 3/4 in.) |
||
| 504 | _aIncludes bibliographical references and index. | ||
| 650 | 7 |
_aOperations research. _939965 _2BUEsh |
|
| 650 | 7 |
_aProgramming (Mathematics) _919667 _2BUEsh |
|
| 651 | _2BUEsh | ||
| 653 |
_bCOMSCI _cMay2018 |
||
| 942 |
_cBB _k001.424 TAH _2ddc |
||
| 999 |
_c26669 _d26641 |
||